• 首页
  • 本馆介绍
  • 公告通知
  • 最新文献
  • 馆藏检索
  • 电子资源
  • 读者导购
  • 参考咨询
  • 我的图书馆
  • 登录
  • 详细信息显示
  • 放入我的书架
  • 预约/预借图书
  • 作者相关作品
  • 分类相关作品
  • 丛书相关作品
  • 出版社相关作品

书目信息

  • 表格格式
  • 工作单格式
  • 卡片格式
题名:
植物小故事
    
 
作者: 李科 编著
分册:  
出版信息: 北京   化学工业出版社  2014.01
页数: 288页
开本: 21cm
丛书名:
单 册:
中图分类: Q94-49
科图分类:
主题词: 植物--通俗读物 , 植物
电子资源:
ISBN: 978-7-122-18823-6
000 00818nam0 2200253 450
001 0120141210753
005 20140610085152.96
010    @a978-7-122-18823-6@dCNY39.00
100    @a20140113d2014 em y0chiy0110 ea
101 0  @achi
102    @aCN@b110000
105    @aaf z 000yy
106    @ar
200 1  @a植物小故事@9zhi wu xiao gu shi@f李科编著
210    @a北京@c化学工业出版社@d2014.01
215    @a288页@c图,图版(12页)@d21cm
330    @a本书共采集了日常生活中常见的一百多种花花草草。各章节中有它们的简介,图文并茂,有助于读者认知,从而提高生活常识和人生品味,主要内容包括:植物的定义、植物的进化等。
333    @a一般读者
606 0  @a植物@j通俗读物
606 0  @a植物
690    @aQ94-49@v5
701  0 @a李科@9li ke@4编著
801  0 @aCN@b人天书店@c20140113
905    @b847171-73@dQ94-49@e240@f3
    
    植物小故事/李科编著.-北京:化学工业出版社,2014.01
    288页:图,图版(12页);21cm
    使用对象:一般读者
    
    ISBN 978-7-122-18823-6:CNY39.00
    本书共采集了日常生活中常见的一百多种花花草草。各章节中有它们的简介,图文并茂,有助于读者认知,从而提高生活常识和人生品味,主要内容包括:植物的定义、植物的进化等。
●
相关链接 在E读中查询图书 在五车中查询图书 在当当中查询图书 在豆瓣中查询图书


正题名:植物小故事     索取号:Q94-49/240         预约/预借

序号 登录号 条形码 馆藏地/架位号 状态 备注
1 847171   208471713   第二样本阅览室/ [索取号:Q94-49/240] 在馆    
2 847172   208471722   密集书库-生命科学系/ [索取号:Q94-49/240] 在馆    
3 847173   208471731   第三借阅区/ [索取号:Q94-49/240] 在馆    
唐山师范学院图书馆 欢迎您!
大连网信软件有限公司© 版权所有